000 00973nam a2200313 i 4500
003 EG-GICUC
005 20260506075519.0
008 260506s1983 ru ||||fr|||| 00| 0 eng d
040 _aEG-GiCUC
_beng
_cEG-GiCUC
_dEG-GiCUC
_eRda
041 _hrus
082 0 4 _221
_a345.2213073
_bGL . U
092 0 4 _221
099 _aLaw1 07 345.2213073 GL . U 1983
100 1 _aGlinkin,A.
_eAuthor.
245 _aUS Policy In Latin America:
_b Postwar To Present/
_cA. Glinkin.
264 1 _aMosco:
_bProgress Publishers,
_c1983.
300 _a247 page ;
_c 24 cm.
336 _2rda contenu
_a texte
337 _2rda medias
_aOrdinateur
338 _2 transporteur rda
_a Ressource en ligne
546 _aText in English
650 1 _aAdministrative Law
650 1 _aPresidential Power
700 1 _aMartynov,B.
_eAuthor.
700 1 _aYakovlev,P.
_eAuthor.
856 4 0 _uhttps://fll.law.cu.edu.eg/fulltext/bks/B107-05604.pdf
905 _a59
942 _2ddc
_n0
_cBK
_e21
999 _c75944
_d75944